Agriculture in the United Kingdom 2002 (Record no. 72324)
[ view plain ]
| 000 -LEADER | |
|---|---|
| fixed length control field | 00973cam a2200217 4500 |
| 001 - CONTROL NUMBER | |
| control field | WB3911-12 |
| 008 - FIXED-LENGTH DATA ELEMENTS--GENERAL INFORMATION | |
| fixed length control field | 030319n2003 000 0 eng u |
| 035 ## - SYSTEM CONTROL NUMBER | |
| System control number | (Sirsi) u121691 |
| 245 ## - TITLE STATEMENT | |
| Title | Agriculture in the United Kingdom 2002 |
| 260 ## - PUBLICATION, DISTRIBUTION, ETC. | |
| Date of publication, distribution, etc. | 2003 |
| 490 ## - SERIES STATEMENT | |
| Series statement | DEFRA News Release |
| Volume/sequential designation | (100/03) 18 March 2003 (1) |
| 520 ## - SUMMARY, ETC. | |
| Summary, etc. | DEFRA publishes Agriculture in the United Kingdom 2002 which describes agricultural and environmental developments during 2002. This reports on each of the main agricultural commodities and containsinformation on agricultural incomes. For the DEFRA news release: http://www.defra.gov.uk/news/2003/030318c.htm The publication is available on the internet at: http://www.defra.gov.uk/esg/work_htm/publications/cf/fiuk/fiuk.htm |
| 590 ## - LOCAL NOTE (RLIN) | |
| Local note | WB |
| 650 ## - SUBJECT ADDED ENTRY--TOPICAL TERM | |
| Topical term or geographic name entry element | AGRICULTURE |
| 650 ## - SUBJECT ADDED ENTRY--TOPICAL TERM | |
| Topical term or geographic name entry element | COMMODITIES |
| 650 ## - SUBJECT ADDED ENTRY--TOPICAL TERM | |
| Topical term or geographic name entry element | FARM INCOMES |
| 650 ## - SUBJECT ADDED ENTRY--TOPICAL TERM | |
| Topical term or geographic name entry element | FARM BUSINESS USE |
| 650 ## - SUBJECT ADDED ENTRY--TOPICAL TERM | |
| Topical term or geographic name entry element | LIABILITIES |
| 690 ## - LOCAL SUBJECT ADDED ENTRY--TOPICAL TERM (OCLC, RLIN) | |
| Topical term or geographic name as entry element | RURAL-AGRICULTURE AND FORESTRY |
| 942 ## - ADDED ENTRY ELEMENTS (KOHA) | |
| Suppress in OPAC | 0 |
| Withdrawn status | Lost status | Source of classification or shelving scheme | Damaged status | Not for loan | Home library | Current library | Shelving location | Date acquired | Total Checkouts | Full call number | Barcode | Date last seen | Copy number | Price effective from | Koha item type |
|---|---|---|---|---|---|---|---|---|---|---|---|---|---|---|---|
| Dewey Decimal Classification | London | London | News article | 19/03/2003 | WB3911-12 | 121691-1001 | 06/08/2019 | 1 | 06/08/2019 | News article |